Online Catalogue and eLibrary

Sri Lanka and South-East Asia : (Record no. 461)

MARC details
000 -LEADER
fixed length control field 00657cam a2200193 i 4500
001 - CONTROL NUMBER
control field 874346
005 - DATE AND TIME OF LATEST TRANSACTION
control field 20240221063412.0
008 - FIXED-LENGTH DATA ELEMENTS--GENERAL INFORMATION
fixed length control field 790716s1978 ne af b 001 0 eng
020 ## - INTERNATIONAL STANDARD BOOK NUMBER
ISBN 9004056602
040 ## - CATALOGING SOURCE (பட்டியலாக்க மூலம்)
Original cataloging agency DLC
Transcribing agency DLC
Modifying agency DLC
082 00 - DDC Classification
Class No. 320.95.
DDC Edition Number 22
Item Number - Author Mark SRI.
100 1# - MAIN ENTRY--PERSONAL NAME
Personal name Sirisena, W. M.
245 10 - TITLE STATEMENT
Title Sri Lanka and South-East Asia :
Remainder of title political, religious and cultural relations from A.D. c. 1000 to c. 1500 /
Statement of responsibility, etc. by W. M. Sirisena ; with a foreword by A. L. Basham.
260 ## - PUBLICATION, DISTRIBUTION, ETC.
Place of publication, distribution, etc. Leiden :
Name of publisher, distributor, etc. Brill,
Date of publication, distribution, etc. 1978.
300 ## - PHYSICAL DESCRIPTION
Extent (e.g. Volumes, Pages etc.) XIV, 186 P.,,
500 ## - GENERAL NOTE
General note A revision of the author's thesis, Australian National University.
500 ## - GENERAL NOTE
General note Includes index.
942 ## - Koha item type (Biblio)
Koha item type Books in Stacks (Lending)
Holdings
Lost status Damaged status Collection code Home library Current library Date acquired Full call number Accession Number Item type
    Lending WERC Library WERC Library 02/21/2024 320.95. SRI. 630 Books in Stacks (Lending)

© WERC Library